000 01253nam0a2200253 4500
001 RU\NLR\BIBL_A\010416962
005 20250614045018.0
035 _a(NLR Aleph) 010416962
090 _a9796053
_c9796053
100 _a20140717d1952 |||y0rusy50 ca
101 0 _asah
102 _aRU
105 _ay||||||||||||
200 1 _aАмериканскай империализм - Советскай государство ѳhѳгѳйдѳѳх ѳстѳѳҕѳ
_fист. наукаларга канд. А. В. Березкин
_gПолит. уонна науч. билиилэри тарҕатар Бутун Союзтааҕы о-во. Саха сиринээҕи отделение
210 _aЯкутскай
_cСАССР Госиздата
_d1952
215 _a42,[1] с.
_d20
541 1 _aАмериканский империализм - заклятый враг Советского государства
_zrus
606 1 _aИмпериализм
_yСоединенные Штаты Америки
_9975382
_3RU\NLR\AUTH\6647641
686 1 _aА653
700 1 _aБерезкин
_bА.В.
_f-1968
_gАлександр Васильевич
_4070
852 _aNLR
_bОНЛ
_jЯкут./2-528
942 _cBOOK
980 _aNB